Fr. Conceicao Rodrigues College of Engineering

Basic a Modular Approach (Record no. 28863)

MARC details
000 -LEADER
fixed length control field 00282nam a2200133Ia 4500
082 ## - DEWEY DECIMAL CLASSIFICATION NUMBER
Classification number 1.6
100 ## - MAIN ENTRY--PERSONAL NAME
Personal name Thompson/R.G
245 ## - TITLE STATEMENT
Title Basic a Modular Approach
260 ## - PUBLICATION, DISTRIBUTION, ETC.
Name of publisher, distributor, etc. C B S Pub.
Place of publication, distribution, etc. Delhi
Date of publication, distribution, etc. 1986
300 ## - PHYSICAL DESCRIPTION
Extent 366
546 ## - LANGUAGE NOTE
Language note ENGLISH
654 ## - SUBJECT ADDED ENTRY--FACETED TOPICAL TERMS
Focus term Modular Approach
942 ## - ADDED ENTRY ELEMENTS (KOHA)
Koha item type BOOK
Holdings
Withdrawn status Lost status Damaged status Not for loan Collection Home library Current library Shelving location Date acquired Source of acquisition Cost, normal purchase price Inventory number Total Checkouts Full call number Barcode Date last seen Cost, replacement price Price effective from Koha item type
        AFT Fr. Agnel's C.Rodrigues College of Engineering Fr. Agnel's C.Rodrigues College of Engineering   17/03/2023 V.M.VAIDYA 45.00 646/86   1.6 AFT4792 17/03/2023 45.00 17/03/2023 BOOK